=LDR 00000nam 2200000 4500 =001 INLIS000000000009031 =005 20200616114213 =035 ##$$a 0010-061300000009031 =008 200616################g##########0#ind## =041 ##$$a Ind =082 ##$$a 2x4.3 =090 ##$$a 2x4.3, Sya-p =100 ##$$a Syakir, Muhammad Fu'ad =245 1#$$a Perkawinan terlarang : $b Al-Misyar (kawin perjalanan),Al 'Urfi (kawin bawah tangan), As-sirri (Kawin rahasia) mut'ah /$c Muhammad Fu'ad Syakir; Penerjemah, Fauzun jamal, Alimin; Penyunting, Tim cendikia =260 ##$$a Jakarta :$b Cendiakia sentra muslim,$c 2002 =300 ##$$a 136 hlm ; $c 21 X 13 cm. =650 #4$$a Huum Perkawina (Islam) =850 ##$$a NBPNMAT =020 ##$$a 979-3000-17-1 =084 ##$$a 2x4.3 SYA p =504 ##$$a Zawajun bathil: Al-misyar, al-'urfi, as sirri, al-mut'ah. =990 ##$$a 169. 594/Pb- 2002 =990 ##$$a DW00024638 =990 ##$$a 169.593/Pb-2002 =990 ##$$a DW000277765 =990 ##$$a DW00027777